| 000 | 00979nam a2200277 a 4500 | ||
|---|---|---|---|
| 003 | DO-SdBNP | ||
| 005 | 20251119132800.0 | ||
| 007 | ta | ||
| 008 | 110613s200- dr 000 0 spa d | ||
| 040 |
_aDO-SdBNP _bspa _cBNPHU _erda |
||
| 082 |
_aRD 363.1 _bS446r |
||
| 110 | 1 |
_aRepública Dominicana. _bSecretaría de Estado de las Fuerzas Armadas _957534 |
|
| 245 | 1 | 0 | _aReglamento militar disciplinario de las Fuerzas Armadas / |
| 264 | 1 |
_aSanto Domigo : _bCOPREMFA, _c[Fecha de publicación no identificada ]. |
|
| 300 |
_a30 páginas _c22 cm. |
||
| 336 |
_2rdacontent _atexto _btxt |
||
| 337 |
_2rdamedia _asin mediación _bn |
||
| 338 |
_2rdacarrier _avolumen _bnc |
||
| 490 |
_aPCSEFA _v01 |
||
| 500 | _aIncluye apéndice | ||
| 590 | _aInventariado, 2023/ YL | ||
| 650 | 4 |
_aReglamento de seguridad _xMilitar _984004 |
|
| 710 | 1 |
_aComisión Permanente para la Reforma y modernización de las Fuerzas Armadas (COPREMFA) _984005 |
|
| 910 | _aYLockward | ||
| 942 |
_2ddc _cLF2 |
||
| 999 |
_c54508 _d54508 |
||